000 00331pab a2200145 454500
008 180718b2004 xxu||||| |||| 00| 0 eng d
100 _aSaxena, P.K.
245 _aJFM in new millennium: some issues
260 _c2004
300 _ap.9-15.
362 _aJul
650 _aForest management
773 _aYojana
909 _a61310
999 _c61310
_d61310